MARC details
| 000 -LEADER |
| fixed length control field |
01811nam a22003497a 4500 |
| 001 - CONTROL NUMBER |
| control field |
103516 |
| 003 - CONTROL NUMBER IDENTIFIER |
| control field |
KnowledgeUnlatched |
| 005 - DATE AND TIME OF LATEST TRANSACTION |
| control field |
20210303105050.0 |
| 006 - FIXED-LENGTH DATA ELEMENTS--ADDITIONAL MATERIAL CHARACTERISTICS |
| fixed length control field |
m o d |
| 007 - PHYSICAL DESCRIPTION FIXED FIELD--GENERAL INFORMATION |
| fixed length control field |
cr u|||||||||| |
| 008 - FIXED-LENGTH DATA ELEMENTS--GENERAL INFORMATION |
| fixed length control field |
210129p20182019xx o u00| u ger d |
| 037 ## - SOURCE OF ACQUISITION |
| Institution to which field applies |
BiblioBoard |
| 020 ## - INTERNATIONAL STANDARD BOOK NUMBER |
| International Standard Book Number |
9783205208372 |
| 029 1# - OTHER SYSTEM CONTROL NUMBER (OCLC) |
| OCLC library identifier |
https://library.biblioboard.com/ext/api/media/c3137677-6437-478b-894c-0a5932262f30/assets/thumbnail.jpg |
| 040 ## - CATALOGING SOURCE |
| Original cataloging agency |
ScCtBLL |
| Transcribing agency |
ScCtBLL |
| 245 04 - TITLE STATEMENT |
| Title |
Die Wiener Stadtbücher 1395-1430 |
| Remainder of title |
Teil 5: 1418-1421 / |
| Statement of responsibility, etc. |
Gerhard Jaritz. |
| 264 #1 - PRODUCTION, PUBLICATION, DISTRIBUTION, MANUFACTURE, AND COPYRIGHT NOTICE |
| Name of producer, publisher, distributor, manufacturer |
Böhlau, |
| 300 ## - PHYSICAL DESCRIPTION |
| Extent |
1 online resource (466 p.) |
| 506 0# - RESTRICTIONS ON ACCESS NOTE |
| Terms governing access |
Access copy available to the general public. |
| Standardized terminology for access restriction |
Unrestricted |
| Source of term |
star |
| 520 ## - SUMMARY, ETC. |
| Summary, etc. |
Das "Wiener Stadtbuch" stellt eine Rechtsquelle ersten Ranges dar. Die Aufzeichnungen über das Rechtsleben einer der größten Städte Mitteleuropas spannen sich von 1395-1430. Der vorliegende 5. Teil enthält die Eintragungen der Jahre 1418-1421. Bis zum Abschluss der Edition werden noch zwei weitere Bände erscheinen. Der letzte Teil wird eine ausführliche Beschreibung der Handschrift und detaillierte editionskritische Bemerkungen sowie umfassende Register enthalten. |
| 588 0# - SOURCE OF DESCRIPTION NOTE |
| Source of description note |
Description based on print version record. |
| 590 ## - LOCAL NOTE (RLIN) |
| Local note |
KU Open Services |
| 650 #7 - SUBJECT ADDED ENTRY--TOPICAL TERM |
| Topical term or geographic name entry element |
Law |
| Source of heading or term |
bisacsh |
| 650 #0 - SUBJECT ADDED ENTRY--TOPICAL TERM |
| Topical term or geographic name entry element |
Law |
| 655 #0 - INDEX TERM--GENRE/FORM |
| Genre/form data or focus term |
Electronic books. |
| 700 1# - ADDED ENTRY--PERSONAL NAME |
| Personal name |
Jaritz, Gerhard |
| Relator term |
editor. |
| 758 ## - |
| -- |
Is found in: |
| -- |
Knowledge Unlatched |
| -- |
https://openresearchlibrary.org/module/2774bc74-146a-484f-a7ba-ab1d6a09bbfb |
| 856 40 - ELECTRONIC LOCATION AND ACCESS |
| Uniform Resource Identifier |
<a href="https://openresearchlibrary.org/content/c3137677-6437-478b-894c-0a5932262f30">https://openresearchlibrary.org/content/c3137677-6437-478b-894c-0a5932262f30</a> |
| Public note |
View this content on Open Research Library. |
| -- |
0 |